header

Virtue ethics and professional roles (Record no. 3265)

MARC details
000 -LEADER
fixed length control field 01170nam a22003014a 4500
082 04 - DEWEY DECIMAL CLASSIFICATION NUMBER
Classification number 174
100 1# - MAIN ENTRY--AUTHOR NAME
Personal name Oakley, Justin,
245 10 - TITLE STATEMENT
Title Virtue ethics and professional roles
260 ## - PUBLICATION, DISTRIBUTION, ETC. (IMPRINT)
Place of publication Cambridge ;
-- New York :
Name of publisher Cambridge University Press,
Year of publication 2001.
300 ## - PHYSICAL DESCRIPTION
Number of Pages xii, 188 p.
650 #0 - SUBJECT ADDED ENTRY--TOPICAL TERM
Topical Term Professional ethics.
700 1# - ADDED ENTRY--PERSONAL NAME
Personal name Cocking, Dean,
856 40 - ELECTRONIC LOCATION AND ACCESS
Uniform Resource Identifier http://site.ebrary.com/lib/rucke/Doc?id=10005041

No items available.

© 2026 Rongo University
Contact us: librarian | system librarian | Rongo university